LEADER 00882nam0 2200265 450 001 000023960 005 20081217134141.0 100 $a20081217d1923----km-y0itaa50------ba 101 0 $aeng 102 $aUS 200 1 $a<> prophet$fby Kahlil Gibran 210 $aNew York$c<> Knopf$d1923 215 $a107 p.$cill.$d22 cm. 606 1 $aMisticismo 676 $a224.1$v(21. ed.)$9Libri profetici dell'Antico Testamento. 700 1$aGibran,$bKahlil$0444293 801 0$aIT$bUniversità della Basilicata - B.I.A.$gRICA$2unimarc 912 $a000023960 996 $aProphet$913177 997 $aUNIBAS BAS $aLETTERE CAT $aSTD070$b01$c20081217$lBAS01$h1341 CAT $aATR$b40$c20090904$lBAS01$h1039 FMT Z30 -1$lBAS01$LBAS01$mBOOK$1BASA1$APolo Storico-Umanistico$2FAA$BFondo anglo-americano$63137$5L3137$820081217$f04$FPrestabile Didattica LEADER 01470nam 2200361Ia 450 001 996396819003316 005 20221107235614.0 035 $a(CKB)4330000000348512 035 $a(EEBO)2264176138 035 $a(OCoLC)12683145 035 $a(EXLCZ)994330000000348512 100 $a19851017d1698 uy | 101 0 $aeng 135 $aurbn||||a|bb| 200 12$aA sermon preached before the King, at Whitehall, on the second of December, 1697$b[electronic resource] $eBeing the day of thanksgiving for the peace. /$fBy the Right Reverend Father in God, Gilbert, Lord Bishop of Sarum 210 $aLondon $cPrinted for Ri. Chiswell, at the Rose and Crown in St. Paul's Church-yard.$dMDCXCVIII. [1698] 215 $a[4], 31, [1] p 300 $aAdvertisement: p. [1] at end. 300 $aWing B5909 mis-identified as a "second" edition. Cf. ESTC. 300 $aItem at reel 682:16 identified as Wing B5907; item at reel 1923:8 identified as B5909. 300 $aReproduction of original in Henry E. Huntington Library and Art Gallery and British Museum. 330 $aeebo-0113 606 $aSermons, English$y17th century 615 0$aSermons, English 700 $aBurnet$b Gilbert$f1643-1715.$0193326 801 0$bEAA 801 1$bEAA 801 2$bm/c 801 2$bWaOLN 906 $aBOOK 912 $a996396819003316 996 $aA sermon preached before the King at Whitehall, on the second of December, 1697$92318734 997 $aUNISA